| 000 | 00000nam 2200000za 4500 |
| 001 | 9.689206 |
| 003 | CaOODSP |
| 005 | 20210624231805 |
| 007 | cr ||||||||||| |
| 008 | 150407s2007 abc|||||o f|0| 0 eng d |
| 020 | |a978-0-662-44886-0 |
| 040 | |aCaOODSP|beng |
| 043 | |an-cn--- |
| 086 | 1 |aR63-260/2007E-PDF |
| 110 | 2 |aParks Canada. |
| 245 | 10|aBackcountry visitors' guide - Banff National Park of Canada |h[electronic resource]. |
| 260 | |aBanff - Alberta : |bParks Canada, |c[2007]. |
| 300 | |a2 p. : |bfig., map, photographs. |
| 500 | |aThe catalogue number (R63-260/2007E) and ISBN (978-0-662-44885-3) for the print edition have been incorrectly copied in this electronic publication. |
| 590 | |a14-16-Supp|b2014-09-25 |
| 690 | 07|aNational parks|2gcpds |
| 775 | 08|tGuide du visiteur de l'arrière-pays - Parc national du Canada Banff |w(CaOODSP)9.633626 |
| 795 | |tBackcountry visitors' guide: Banff National Park |w(CaOODSP)9.686401 |
| 856 | 40|ahttp://publications.gc.ca|qPDF|s824 KB|uhttps://publications.gc.ca/collections/collection_2014/pc/R63-260-2007-eng.pdf |